• 首页
  • 本馆介绍
  • 公告通知
  • 最新文献
  • 馆藏检索
  • 电子资源
  • 读者导购
  • 参考咨询
  • 我的图书馆
  • 登录
  • 详细信息显示
  • 放入我的书架
  • 预约/预借图书
  • 作者相关作品
  • 分类相关作品
  • 丛书相关作品
  • 出版社相关作品

书目信息

  • 表格格式
  • 工作单格式
  • 卡片格式
题名:
英国花境案例品读
    
 
作者: ;花园时光编辑部 编
分册:  
出版信息: 北京   中国林业出版社  2020.7
页数: 223页
开本: 24cm
丛书名:
单 册:
中图分类: S688.3
科图分类:
主题词: 花境--设计--案例--英国
电子资源:
ISBN: 978-7-5219-0638-7
000 01015nam0 2200265 45
001 012001002331
005 20140913170818.0
010    @a978-7-5219-0638-7@dCNY68.00
100    @a20200911d2020 em y0chiy50 ea
101 0  @achi
102    @aCN@b110000
105    @aa z 000yy
106    @ar
200 1  @a英国花境案例品读@Aying guo hua jing an li pin du@dThe case analysis of British flower border@f花园时光编辑部编@zeng
210    @a北京@c中国林业出版社@d2020.7
215    @a223页@c彩图, 彩照@d24cm
300    @a花园时光
300    @a并列题名:Case analysis of British flower border
330    @a本书从英国知名花园、切尔西花园展上的花园案例中精选的500例经典花境设计,按花境的颜色、形式等方式讲解常规式、野趣式、岩石花境、水边花境等多场景应用法则。
510 1  @aCase analysis of British flower border@zeng
606 0  @a花境@x设计@x案例@y英国
690    @aS688.3@v5
711 02 @a花园时光编辑部@Ahua yuan shi guang bian ji bu@4编
801  0 @aCN@bBJSDL@c20211011
905    @b1339316-9@dS688.3@e681@f4
    
    英国花境案例品读=The case analysis of British flower border/花园时光编辑部编.-北京:中国林业出版社,2020.7
    223页:彩图, 彩照;24cm
    花园时光.-并列题名:Case analysis of British flower border
    
    ISBN 978-7-5219-0638-7:CNY68.00
    本书从英国知名花园、切尔西花园展上的花园案例中精选的500例经典花境设计,按花境的颜色、形式等方式讲解常规式、野趣式、岩石花境、水边花境等多场景应用法则。
●
相关链接 在E读中查询图书 在五车中查询图书 在当当中查询图书 在豆瓣中查询图书


正题名:英国花境案例品读     索取号:S688.3/681         预约/预借

序号 登录号 条形码 馆藏地/架位号 状态 备注
1 1339316   213393166   第二样本阅览室/ [索取号:S688.3/681] 在馆    
2 1339317   213393175   第三借阅区/ [索取号:S688.3/681] 在馆    
3 1339318   213393184   第三借阅区/ [索取号:S688.3/681] 在馆    
4 1339319   213393193   第三借阅区/ [索取号:S688.3/681] 在馆    
唐山师范学院图书馆 欢迎您!
大连网信软件有限公司© 版权所有